[Event "Deutsche Meisterschaft 2013"]
[Site "Saarbrücken"]
[Date "2013.09.07"]
[Round "2.6"]
[White "Poetsch, Hagen"]
[Black "Braun, Vitali"]
[Result "1-0"]
[WhiteElo "2468"]
[BlackElo "2403"]
[PlyCount "49"]
[EventDate "2013.09.05"]

1. e4 g6 2. d4 Bg7 3. Nc3 d6 4. f4 e6 5. Nf3 Ne7 6. Bd3 Nd7 7. O-O O-O 8. Be3
Nf6 9. Qe1 b6 10. Qh4 c5 11. dxc5 bxc5 12. e5 Nfd5 13. exd6 Qxd6 14. Ng5 h6 15.
Nge4 Qc7 16. Bxc5 f5 17. Nxd5 exd5 18. Bxe7 fxe4 19. Bxf8 Bd4+ 20. Kh1 exd3 21.
cxd3 Kxf8 22. f5 Be3 23. fxg6+ Kg8 24. Qf6 Bg4 25. h3 1-0

[Event "Deutsche Meisterschaft 2013"]
[Site "Saarbrücken"]
[Date "2013.09.07"]
[Round "2.7"]
[White "Schöne, Ralf"]
[Black "Donchenko, Alexander"]
[Result "1/2-1/2"]
[WhiteElo "2345"]
[BlackElo "2467"]
[PlyCount "88"]
[EventDate "2013.09.05"]

1. c4 c5 2. Nc3 g6 3. g3 Bg7 4. Bg2 Nc6 5. Nf3 Nh6 6. O-O Nf5 7. d3 O-O 8. e4
Nfd4 9. Nxd4 Nxd4 10. Ne2 Rb8 11. Nxd4 Bxd4 12. Bh6 Re8 13. Qd2 b5 14. Rab1 d6
15. b3 b4 16. Kh1 e6 17. Be3 Bc3 18. Qe2 Bb7 19. f4 f5 20. Qf2 Qd7 21. Bc1 Bd4
22. Qc2 a5 23. Bb2 Qg7 24. Rfd1 Ra8 25. a4 bxa3 26. Bxa3 g5 27. fxg5 fxe4 28.
Bxe4 Bxe4+ 29. dxe4 Qxg5 30. Bb2 e5 31. Rf1 Rf8 32. Bxd4 exd4 33. Qe2 Rxf1+ 34.
Rxf1 Rf8 35. Rxf8+ Kxf8 36. Kg2 Ke7 37. h4 Qc1 38. e5 Qb1 39. exd6+ Kxd6 40.
Qf3 d3 41. Qd5+ Ke7 42. Qxc5+ Ke6 43. Qd5+ Ke7 44. Qe5+ Kd7 1/2-1/2

[Event "Deutsche Meisterschaft 2013"]
[Site "Saarbrücken"]
[Date "2013.09.07"]
[Round "2.8"]
[White "Fridman, Daniel"]
[Black "Schleining, Zoya"]
[Result "1-0"]
[WhiteElo "2614"]
[BlackElo "2377"]
[PlyCount "111"]
[EventDate "2013.09.05"]

1. c4 e5 2. Nc3 d6 3. Nf3 g6 4. d4 Nc6 5. d5 Nce7 6. c5 dxc5 7. Nxe5 Bg7 8.
Qa4+ Kf8 9. Bf4 Nf6 10. Rd1 Nf5 11. g4 Nd6 12. h3 h5 13. g5 Nd7 14. Nc4 Bxc3+
15. bxc3 b5 16. Bxd6+ cxd6 17. Qxb5 Nb6 18. e3 Kg7 19. h4 Bd7 20. Qb2 Rb8 21.
Nxb6 Rxb6 22. Qa1 Bg4 23. c4+ Kh7 24. Be2 Bxe2 25. Kxe2 Qd7 26. Qf6 Rhb8 27. f3
R8b7 28. Rd2 Rb4 29. Rc2 Kg8 30. Kf2 R7b6 31. Kg3 Qa4 32. Rhc1 Qa3 33. Qc3 Qa6
34. e4 Ra4 35. e5 Ra3 36. Qe1 dxe5 37. Qxe5 Rd3 38. Re1 Qa3 39. Rf2 Rb7 40.
Qe8+ Kg7 41. Qc8 Qc3 42. Re8 Rb1 43. Qxc5 Kh7 44. Qxa7 Kg7 45. Re7 Rg1+ 46. Kh2
Rdd1 47. Qe3 Rh1+ 48. Kg3 Rhg1+ 49. Rg2 Rxg2+ 50. Kxg2 Qb2+ 51. Kg3 Kg8 52. Rc7
Kg7 53. f4 Qb8 54. Qe5+ Kg8 55. Re7 Rd3+ 56. Kg2 1-0

[Event "Deutsche Meisterschaft 2013"]
[Site "Saarbrücken"]
[Date "2013.09.07"]
[Round "2.9"]
[White "Stern, Rene"]
[Black "Bastian, Herbert"]
[Result "1-0"]
[WhiteElo "2509"]
[BlackElo "2339"]
[PlyCount "131"]
[EventDate "2013.09.05"]

1. d4 Nf6 2. c4 g6 3. Nc3 Bg7 4. e4 O-O 5. Nf3 d6 6. Be2 e5 7. O-O Nbd7 8. Be3
Ng4 9. Bg5 f6 10. Bd2 Nh6 11. Qc2 c6 12. Rad1 Qe7 13. b4 Nf7 14. Bc1 Re8 15. d5
c5 16. a3 b6 17. Nb5 Qd8 18. Be3 a6 19. Nc3 Qe7 20. Rb1 Bh6 21. Bxh6 Nxh6 22.
Rb2 f5 23. Nd2 Ra7 24. Rfb1 Rc7 25. bxc5 bxc5 26. Na4 Rf8 27. f3 Nf6 28. Nb6
Bb7 29. Bd3 Nh5 30. Nf1 Nf4 31. Ng3 Nxd3 32. Qxd3 f4 33. Nh1 Nf7 34. Nf2 h5 35.
Kf1 Nd8 36. Ke2 g5 37. h3 Nf7 38. Rb3 Nh6 39. R1b2 Qg7 40. Qb1 Rff7 41. Na4 Kh7
42. Rb6 Rfd7 43. Nd3 g4 44. hxg4 hxg4 45. Qh1 Bc8 46. Rb8 Rd8 47. Nb6 Rb7 48.
Nxc8 Rxb2+ 49. Rxb2 Rxc8 50. Nf2 Kg6 51. fxg4 Kf6 52. Rb6 Nf7 53. Qh4+ Qg5 54.
Qxg5+ Kxg5 55. a4 Rh8 56. Rb7 Kf6 57. a5 Rh2 58. Kf1 Ng5 59. Kg1 Rh8 60. Rb6
Nf7 61. Rxa6 Kg5 62. Ra7 Nh6 63. a6 Kh4 64. Rb7 Nxg4 65. a7 Kg3 66. Rg7 1-0

[Event "Deutsche Meisterschaft 2013"]
[Site "Saarbrücken"]
[Date "2013.09.07"]
[Round "2.10"]
[White "Kopylov, Michael"]
[Black "Zieher, Hartmut"]
[Result "1/2-1/2"]
[WhiteElo "2457"]
[BlackElo "2300"]
[PlyCount "125"]
[EventDate "2013.09.05"]

1. e4 e5 2. Nf3 Nc6 3. d4 exd4 4. Nxd4 Nf6 5. Nxc6 bxc6 6. e5 Qe7 7. Qe2 Nd5 8.
c4 Nb6 9. Nc3 Bb7 10. Bd2 O-O-O 11. O-O-O Qe6 12. f4 Ba6 13. b3 f6 14. g3 Kb8
15. Bg2 Re8 16. Rhe1 fxe5 17. fxe5 Ba3+ 18. Kc2 Qf5+ 19. Qd3 Rxe5 20. Rxe5 Qxe5
21. Bf4 Qh5 22. Qd4 Re8 23. Qxg7 Qxh2 24. Rd2 Qg1 25. Bxc6 Qc1+ 26. Kd3 Qe1 27.
Bf3 Bb4 28. Kc2 Qf1 29. Bg2 Qe1 30. Qd4 d6 31. Rd1 Qe6 32. Bd2 Qf5+ 33. Qd3 Qf7
34. Rf1 Qg7 35. Qf3 Qg6+ 36. Kb2 Qe6 37. Re1 Qd7 38. Nd5 Nxd5 39. Rxe8+ Qxe8
40. Bxb4 Qe5+ 41. Ka3 Nb6 42. Bc3 Qe7 43. Ba5 d5+ 44. Bb4 Qg5 45. Kb2 dxc4 46.
Bc3 cxb3 47. axb3 h5 48. Be1 Qe5+ 49. Bc3 Qg5 50. Be1 Qb5 51. Bf2 Qe5+ 52. Ka2
Qa5+ 53. Kb2 Qd2+ 54. Ka3 Qc1+ 55. Kb4 c5+ 56. Bxc5 Qd2+ 57. Qc3 Qxg2 58. Qe5+
Kc8 59. Qe8+ Kc7 60. Qe7+ Kc8 61. Qe8+ Kc7 62. Qe7+ Kc8 63. Qe8+ 1/2-1/2

[Event "Deutsche Meisterschaft 2013"]
[Site "Saarbrücken"]
[Date "2013.09.07"]
[Round "2.11"]
[White "Jugelt, Tobias"]
[Black "Litwak, Aleksej"]
[Result "1-0"]
[WhiteElo "2429"]
[BlackElo "2230"]
[PlyCount "171"]
[EventDate "2013.09.05"]

1. d4 Nf6 2. c4 e6 3. Nf3 b6 4. a3 Ba6 5. Qc2 Bb7 6. Nc3 c5 7. e4 cxd4 8. Nxd4
Bc5 9. Nb3 Nc6 10. Bd3 Qb8 11. Bg5 Nd4 12. Nxd4 Bxd4 13. Ne2 Be5 14. f4 Bc7 15.
Qc3 e5 16. Ng3 exf4 17. Nf5 Be5 18. Qb4 d6 19. Nxg7+ Kf8 20. Bxf6 Bxf6 21. Nh5
Be5 22. O-O Qc7 23. Nxf4 Qc5+ 24. Qxc5 bxc5 25. Rab1 a5 26. b3 Ke7 27. Rf3 Bc6
28. Bc2 Rab8 29. Rbf1 a4 30. bxa4 Rb2 31. Bd3 Rg8 32. g3 Ra8 33. Nd5+ Bxd5 34.
cxd5 f6 35. Bb5 c4 36. Bxc4 Rxa4 37. Rc1 Bd4+ 38. Kh1 Bc5 39. Rcc3 Rb1+ 40. Kg2
Ra1 41. Kh3 R1xa3 42. Kg4 Rxc3 43. Rxc3 Bd4 44. Rc2 Kf7 45. Bb5 Ra7 46. Rc8 Re7
47. Kf4 Kg7 48. Be2 h6 49. Bg4 Be5+ 50. Kf3 Rf7 51. Be6 Re7 52. Kg4 Ra7 53. Kh5
Kh7 54. Rf8 Rc7 55. h4 Ra7 56. g4 Rc7 57. Rb8 Ra7 58. Bc8 Rc7 59. Ra8 Re7 60.
Bf5+ Kg7 61. Be6 Kh7 62. Ra2 Rc7 63. Rg2 Bf4 64. Rg1 Rc1 65. Rg2 Rc7 66. Rf2
Be5 67. Rf3 Rc3 68. Rf1 Rc7 69. Bf5+ Kg7 70. Rg1 Bf4 71. Rg2 Re7 72. Rc2 Ra7
73. Rc8 Rb7 74. Be6 Kh7 75. Re8 Be5 76. Bc8 Rc7 77. g5 hxg5 78. hxg5 fxg5 79.
Kxg5 Bh2 80. Kf6 Be5+ 81. Rxe5 dxe5 82. Be6 Rc1 83. d6 Rd1 84. d7 Kh6 85. Bd5
Rf1+ 86. Ke7 1-0

[Event "Deutsche Meisterschaft 2013"]
[Site "Saarbrücken"]
[Date "2013.09.07"]
[Round "2.12"]
[White "Vatter, Hans-Joachim"]
[Black "Braun, Christian"]
[Result "0-1"]
[WhiteElo "2288"]
[BlackElo "2362"]
[PlyCount "64"]
[EventDate "2013.09.05"]

1. d4 Nf6 2. c4 c5 3. d5 b5 4. cxb5 a6 5. bxa6 Bxa6 6. Nc3 g6 7. e4 Bxf1 8.
Kxf1 d6 9. Nf3 Bg7 10. h3 O-O 11. Kg1 Nbd7 12. Kh2 Qa5 13. Re1 Rfb8 14. Re2 Nh5
15. Rc2 Ne5 16. Nxe5 Bxe5+ 17. g3 Rb4 18. Qe2 Qa6 19. f4 Bxc3 20. bxc3 Qxe2+
21. Rxe2 Rc4 22. e5 Rxc3 23. exd6 exd6 24. g4 Ng3 25. Re1 h5 26. a4 h4 27. Kg2
f5 28. Re6 Kf7 29. Rxd6 fxg4 30. Rd7+ Ke8 31. Rh7 Rc2+ 32. Kg1 gxh3 0-1

[Event "Deutsche Meisterschaft 2013"]
[Site "Saarbrücken"]
[Date "2013.09.07"]
[Round "2.13"]
[White "Colpe, Malte"]
[Black "Commercon, Simon"]
[Result "1-0"]
[WhiteElo "2338"]
[BlackElo "2187"]
[PlyCount "53"]
[EventDate "2013.09.05"]

1. d4 f5 2. Nf3 d6 3. g3 g6 4. Bg2 Nf6 5. O-O Bg7 6. b3 O-O 7. Bb2 c6 8. c4 Re8
9. Qc2 Na6 10. a3 Bd7 11. Nbd2 c5 12. d5 Rb8 13. e4 b5 14. e5 Nh5 15. e6 Bc8
16. Bxg7 Nxg7 17. Qc3 Rf8 18. Ng5 Qb6 19. Qe3 Nc7 20. Nf7 Nce8 21. Nf3 Nf6 22.
Nh6+ Kh8 23. Nf7+ Kg8 24. Nh6+ Kh8 25. Ng5 Nge8 26. Ngf7+ Kg7 27. Nxf5+ 1-0

[Event "Deutsche Meisterschaft 2013"]
[Site "Saarbrücken"]
[Date "2013.09.07"]
[Round "2.14"]
[White "Schlenker, Jörg"]
[Black "Oberhofer, Andre"]
[Result "0-1"]
[WhiteElo "2217"]
[BlackElo "2329"]
[PlyCount "82"]
[EventDate "2013.09.05"]

1. e4 e5 2. Nf3 Nc6 3. Bb5 Nf6 4. Qe2 d6 5. c3 Bd7 6. O-O g6 7. d4 Bg7 8. dxe5
Nxe5 9. Nxe5 dxe5 10. Bg5 c6 11. Bd3 h6 12. Be3 Qe7 13. f3 h5 14. a4 Bh6 15.
Bxh6 Rxh6 16. Qe3 g5 17. Qxg5 Rg6 18. Qe3 O-O-O 19. b4 h4 20. Ra2 Kb8 21. f4
Ng4 22. Qc5 Qxc5+ 23. bxc5 exf4 24. Rxf4 Be6 25. Rd2 Rdg8 26. Bf1 Rg5 27. h3
Ne5 28. Rdf2 Ng6 29. Rf5 Bxf5 30. exf5 Ne7 31. Nd2 Rxf5 32. Nf3 Ng6 33. Rd2
Rxc5 34. c4 Rf5 35. Kf2 Rf4 36. a5 Ne5 37. Ke3 Nxf3 38. gxf3 Rf5 39. a6 bxa6
40. Ke4 Rf6 41. Ke5 Rxf3 0-1

[Event "Deutsche Meisterschaft 2013"]
[Site "Saarbrücken"]
[Date "2013.09.07"]
[Round "2.15"]
[White "Tabatt, Hendrik"]
[Black "Paul, Johannes"]
[Result "0-1"]
[WhiteElo "2303"]
[BlackElo "2227"]
[PlyCount "116"]
[EventDate "2013.09.05"]

1. e4 e6 2. d4 d5 3. Nc3 Bb4 4. exd5 exd5 5. a3 Be7 6. Bd3 Nf6 7. h3 O-O 8. Nf3
Re8 9. O-O Nbd7 10. Bf4 Nf8 11. Re1 c6 12. Qd2 Be6 13. Re2 Ng6 14. Bh2 Qc8 15.
Bxg6 hxg6 16. Rae1 Bf8 17. Ng5 Bf5 18. Rxe8 Nxe8 19. g4 Bd7 20. Qf4 f6 21. Nf3
g5 22. Qg3 Nd6 23. h4 Bxg4 24. hxg5 Qf5 25. Nh4 Qxg5 26. f3 Bh5 27. Qxg5 fxg5
28. Bxd6 gxh4 29. Be5 Bxf3 30. Kf2 Bg4 31. Rg1 Bf5 32. Ne2 Bxc2 33. Nf4 Kf7 34.
Rg4 Re8 35. Nh3 c5 36. Ng5+ Kg8 37. Ke3 Bd6 38. Kf4 Rf8+ 39. Ke3 Re8 40. Kf4
Rf8+ 41. Ke3 Bxe5 42. dxe5 Re8 43. Kf4 Rf8+ 44. Ke3 d4+ 45. Kd2 Rf2+ 46. Ke1
Rf5 47. Kd2 d3 48. e6 Rf2+ 49. Kc3 Re2 50. Rxh4 Re5 51. Rh8+ Kxh8 52. Nf7+ Kg8
53. Nxe5 Kf8 54. Ng6+ Ke8 55. b4 cxb4+ 56. axb4 a6 57. Ne5 Ke7 58. Nd7 g5 0-1

[Event "Deutsche Meisterschaft 2013"]
[Site "Saarbrücken"]
[Date "2013.09.07"]
[Round "2.16"]
[White "Seyfried, Claus"]
[Black "Marcziter, Dmitrii"]
[Result "1-0"]
[WhiteElo "2185"]
[BlackElo "2265"]
[PlyCount "77"]
[EventDate "2013.09.05"]

1. e4 c5 2. Nf3 Nc6 3. c3 d5 4. exd5 Qxd5 5. d4 Bg4 6. Be2 e6 7. Be3 cxd4 8.
cxd4 Nf6 9. Nc3 Qd6 10. h3 Bh5 11. O-O Be7 12. a3 O-O 13. Qa4 a6 14. b4 Rfd8
15. Rfd1 Nd5 16. Nxd5 Qxd5 17. Rac1 b5 18. Qc2 Rac8 19. Qd3 Bg6 20. Qd2 Be4 21.
Ne1 a5 22. bxa5 Bxa3 23. Ra1 Bb4 24. Qb2 Bxe1 25. Rxe1 Bxg2 26. Qxb5 Qe4 27.
Qh5 Rd5 28. Qg4 Qxg4 29. hxg4 Be4 30. f3 Bc2 31. a6 Nxd4 32. Bxd4 Rxd4 33. Rec1
Rd2 34. Bd3 Rxd3 35. Rxc2 Rxc2 36. a7 Rd1+ 37. Rxd1 Rc8 38. Rb1 f6 39. Rb8 1-0

[Event "Deutsche Meisterschaft 2013"]
[Site "Saarbrücken"]
[Date "2013.09.07"]
[Round "2.17"]
[White "Müller, Reinhold"]
[Black "Jussupow, Nadia"]
[Result "1-0"]
[WhiteElo "2249"]
[BlackElo "2156"]
[PlyCount "41"]
[EventDate "2013.09.05"]

1. d4 d5 2. c4 c6 3. Nf3 e6 4. g3 dxc4 5. Bg2 b5 6. Ne5 Bb7 7. O-O Nf6 8. a4 a6
9. Bg5 Be7 10. axb5 axb5 11. Rxa8 Bxa8 12. Nc3 Nd5 13. Bxe7 Qxe7 14. Qa1 Bb7
15. Qa7 O-O 16. Ra1 f6 17. Nf3 Qc7 18. Bh3 Kf7 19. Ne4 Re8 20. Qxb7 Qxb7 21.
Nd6+ 1-0

[Event "Deutsche Meisterschaft 2013"]
[Site "Saarbrücken"]
[Date "2013.09.07"]
[Round "2.18"]
[White "Lochte, Thomas"]
[Black "Schwarz, Frank"]
[Result "0-1"]
[WhiteElo "2141"]
[BlackElo "2249"]
[PlyCount "108"]
[EventDate "2013.09.05"]

1. e4 e6 2. d4 d5 3. Nd2 Nf6 4. e5 Nfd7 5. Bd3 c5 6. c3 Nc6 7. Ne2 Qb6 8. O-O
cxd4 9. cxd4 Nxd4 10. Nxd4 Qxd4 11. Nf3 Qb6 12. Qa4 Qb4 13. Qc2 Qc5 14. Qe2 Qb6
15. a3 Be7 16. b4 Qd8 17. Nd4 Nb8 18. f4 g6 19. Bb5+ Bd7 20. f5 gxf5 21. Rxf5
Bxb5 22. Qxb5+ Qd7 23. Rh5 Qxb5 24. Nxb5 Kd7 25. Nd6 Bxd6 26. exd6 Kxd6 27.
Bf4+ Ke7 28. Rc1 Nd7 29. Rc7 f6 30. Rxb7 e5 31. Bh6 Ke6 32. Bg7 Rhe8 33. Rc7
Kd6 34. Rc1 d4 35. Rxh7 Re7 36. b5 Kd5 37. Rc7 Rg8 38. Rxa7 Rexg7 39. Rxd7+
Rxd7 40. Rxd7+ Ke6 41. Rc7 Ra8 42. Rc6+ Kf5 43. Ra6 Rb8 44. a4 e4 45. Rd6 Ke5
46. Rd7 Ra8 47. b6 Rxa4 48. Ra7 Rb4 49. b7 e3 50. h4 d3 51. Ra5+ Kd6 52. Ra4
Rb1+ 53. Kh2 d2 54. h5 d1=Q 0-1

[Event "Deutsche Meisterschaft 2013"]
[Site "Saarbrücken"]
[Date "2013.09.07"]
[Round "2.19"]
[White "Schellmann, Frank"]
[Black "Bischoff, Klaus"]
[Result "0-1"]
[WhiteElo "2098"]
[BlackElo "2500"]
[PlyCount "48"]
[EventDate "2013.09.05"]

1. e4 e6 2. d4 d5 3. e5 c5 4. c3 Nc6 5. Nf3 Bd7 6. Be2 Nge7 7. Na3 cxd4 8. cxd4
Nc8 9. Nc2 Be7 10. O-O a5 11. a4 Nb4 12. Nfe1 Nxc2 13. Nxc2 Qb6 14. f4 Na7 15.
Kh1 Nc6 16. Rf3 f5 17. exf6 Bxf6 18. f5 O-O 19. fxe6 Bxe6 20. Re3 Bf5 21. Bd3
Bxd4 22. Bxf5 Rxf5 23. Nxd4 Qxd4 24. Rd3 Raf8 0-1

[Event "Deutsche Meisterschaft 2013"]
[Site "Saarbrücken"]
[Date "2013.09.07"]
[Round "2.20"]
[White "Pfretzschner, Roland"]
[Black "Bär, Sören"]
[Result "1-0"]
[WhiteElo "2232"]
[BlackElo "2139"]
[PlyCount "71"]
[EventDate "2013.09.05"]

1. e4 c5 2. Nf3 Nc6 3. b3 e5 4. Bb2 d6 5. c3 g6 6. Bb5 Bd7 7. O-O Bg7 8. Na3 a6
9. Bxc6 Bxc6 10. Re1 Ne7 11. d4 exd4 12. cxd4 O-O 13. Qd2 b6 14. Rad1 Qb8 15.
h4 h6 16. d5 Bd7 17. Bxg7 Kxg7 18. Qf4 f6 19. Nc4 Nc8 20. Qg3 Kh7 21. Nh2 b5
22. Ne3 Ra7 23. f4 Qb6 24. Kh1 Qd8 25. Nf3 Re8 26. e5 fxe5 27. fxe5 dxe5 28.
Nxe5 Qf6 29. N3g4 Qg7 30. Nxd7 Rxe1+ 31. Qxe1 Rxd7 32. Qe6 Rd8 33. d6 h5 34.
Nf6+ Kh8 35. Re1 Nxd6 36. Qxd6 1-0

[Event "Deutsche Meisterschaft 2013"]
[Site "Saarbrücken"]
[Date "2013.09.07"]
[Round "2.21"]
[White "Frischmann, Rick"]
[Black "Schreiber, Kevin"]
[Result "0-1"]
[WhiteElo "2230"]
[BlackElo "1920"]
[PlyCount "80"]
[EventDate "2013.09.05"]

1. e4 d5 2. exd5 Qxd5 3. Nc3 Qd6 4. d4 Nf6 5. Bc4 Bf5 6. Nge2 c6 7. Bf4 Qb4 8.
Bb3 e6 9. O-O Qb6 10. Ng3 Bg6 11. Re1 Be7 12. h4 h5 13. Nce4 Nxe4 14. Nxe4 Bxe4
15. Rxe4 Nd7 16. c4 Nf6 17. Re2 O-O 18. Qd3 Rad8 19. Rd1 Rfe8 20. Bg5 a5 21. c5
Qc7 22. Qf3 Ng4 23. Bf4 Qc8 24. Qg3 Qa8 25. Ree1 a4 26. Bc2 Kf8 27. f3 Nf6 28.
Be5 Rd7 29. Qg5 Red8 30. g4 hxg4 31. fxg4 Qa5 32. h5 Rxd4 33. Bxd4 Rxd4 34. Kh1
Nxg4 35. Qc1 Nf2+ 36. Kg2 Nxd1 37. Rxd1 Rxd1 38. Qxd1 Qxc5 39. Be4 Qg5+ 40. Kf1
Qb5+ 0-1

[Event "Deutsche Meisterschaft 2013"]
[Site "Saarbrücken"]
[Date "2013.09.08"]
[Round "3.1"]
[White "Graf, Felix"]
[Black "Krämer, Martin"]
[Result "1/2-1/2"]
[WhiteElo "2481"]
[BlackElo "2542"]
[PlyCount "103"]
[EventDate "2013.09.05"]

1. d4 Nf6 2. Nf3 e6 3. c4 b6 4. a3 Bb7 5. Nc3 d5 6. Bg5 Be7 7. Qa4+ c6 8. cxd5
Nxd5 9. Bxe7 Qxe7 10. Nxd5 exd5 11. e3 O-O 12. Rc1 c5 13. dxc5 bxc5 14. Qh4
Qxh4 15. Nxh4 Rc8 16. Nf5 Rc7 17. Bb5 c4 18. O-O Bc6 19. Bxc6 Nxc6 20. e4 Ne7
21. Nxe7+ Rxe7 22. exd5 Re2 23. Rfd1 Rxb2 24. Rxc4 Rd8 25. Rc7 Kf8 26. h3 Rb5
27. d6 Rb6 28. d7 a6 29. Ra7 Ke7 30. Rd3 h5 31. g3 g6 32. Kf1 Re6 33. Kg2 Rf6
34. Rc7 Re6 35. Ra7 Rf6 36. Rd4 Re6 37. Kf3 Rb6 38. Kf4 Rf6+ 39. Ke3 Rb6 40. h4
Rb3+ 41. Rd3 Rxd3+ 42. Kxd3 Rxd7+ 43. Rxd7+ Kxd7 44. Kc4 Kc6 45. Kd4 Kd6 46.
Ke4 Ke6 47. f3 f6 48. g4 hxg4 49. fxg4 Kf7 50. a4 a5 51. Kd5 f5 52. gxf5
1/2-1/2

[Event "Deutsche Meisterschaft 2013"]
[Site "Saarbrücken"]
[Date "2013.09.08"]
[Round "3.2"]
[White "Buhmann, Rainer"]
[Black "Poetsch, Hagen"]
[Result "1-0"]
[WhiteElo "2580"]
[BlackElo "2468"]
[PlyCount "93"]
[EventDate "2013.09.05"]

1. d4 Nf6 2. c4 e6 3. Nf3 b6 4. g3 Ba6 5. Nbd2 d5 6. cxd5 exd5 7. Bg2 Be7 8.
O-O O-O 9. Ne5 c5 10. Ndf3 Ne4 11. Be3 c4 12. Nd2 Nxd2 13. Bxd2 f6 14. Ng4 Bb7
15. Ne3 Qd7 16. Qc2 Rd8 17. b3 b5 18. a4 a6 19. axb5 axb5 20. Rxa8 Bxa8 21.
bxc4 bxc4 22. Ra1 Bc6 23. Ra5 Qb7 24. Qf5 Bb4 25. Bxb4 Qxb4 26. Bxd5+ Kh8 27.
Rc5 Bd7 28. Qh5 Be8 29. Qg4 Bd7 30. Be6 Bxe6 31. Qxe6 c3 32. Rc8 Qf8 33. Rxd8
Qxd8 34. Qc4 Qd7 35. Qxc3 Nc6 36. d5 Ne7 37. Qd4 Kg8 38. h4 Kf7 39. Kg2 Qd6 40.
Qe4 g6 41. h5 f5 42. hxg6+ hxg6 43. Qf4 Nc8 44. Kf3 Kf6 45. Qh4+ Kg7 46. Qd4+
Kf7 47. Nc4 1-0

[Event "Deutsche Meisterschaft 2013"]
[Site "Saarbrücken"]
[Date "2013.09.08"]
[Round "3.3"]
[White "Plischki, Sebastian"]
[Black "Fridman, Daniel"]
[Result "0-1"]
[WhiteElo "2436"]
[BlackElo "2614"]
[PlyCount "84"]
[EventDate "2013.09.05"]

1. d4 d5 2. c4 e6 3. Nc3 c6 4. Nf3 dxc4 5. a4 Bb4 6. e3 b5 7. Bd2 a5 8. axb5
Bxc3 9. Bxc3 cxb5 10. b3 Bb7 11. bxc4 b4 12. Bb2 Nf6 13. c5 O-O 14. Bb5 Qc7 15.
O-O Bd5 16. Qe2 Qb7 17. Rfc1 Bc6 18. Ba4 Bxa4 19. Rxa4 Nc6 20. Nd2 Nd5 21. e4
Nf4 22. Qe3 Qb5 23. Qxf4 e5 24. Qg3 Qxa4 25. d5 f6 26. Nc4 Nd8 27. c6 Nf7 28.
f4 exf4 29. Qxf4 Qb5 30. Qg3 Kh8 31. Ne3 Qd3 32. Nf5 Qxg3 33. hxg3 a4 34. d6 a3
35. Bd4 b3 36. d7 b2 37. Rf1 Rab8 38. Bxb2 axb2 39. Rb1 Ne5 40. Nd4 Rb6 41. Ne6
Nxc6 42. Nxf8 Nd8 0-1

[Event "Deutsche Meisterschaft 2013"]
[Site "Saarbrücken"]
[Date "2013.09.08"]
[Round "3.4"]
[White "Blübaum, Matthias"]
[Black "Jugelt, Tobias"]
[Result "1-0"]
[WhiteElo "2514"]
[BlackElo "2429"]
[PlyCount "81"]
[EventDate "2013.09.05"]

1. Nf3 d5 2. c4 e6 3. d4 Nf6 4. g3 Be7 5. Bg2 O-O 6. O-O c6 7. Qc2 Nbd7 8. Nbd2
b6 9. e4 Bb7 10. e5 Ne8 11. cxd5 cxd5 12. Re1 Rc8 13. Qd1 Nc7 14. Nf1 b5 15. h4
b4 16. Bg5 Re8 17. Ne3 Nb6 18. Bxe7 Rxe7 19. Nd2 Nb5 20. Qg4 Nc4 21. Ndxc4 dxc4
22. d5 h5 23. Qg5 c3 24. bxc3 Nxc3 25. d6 Rd7 26. Qxh5 Bxg2 27. Nxg2 Rc5 28.
Qg4 Qa5 29. Qf4 b3 30. Qd2 bxa2 31. Rec1 Ne2+ 32. Qxe2 Rxc1+ 33. Rxc1 a1=Q 34.
Rxa1 Qxa1+ 35. Kh2 Qd4 36. h5 Rb7 37. Qf3 Rb2 38. Ne3 Qd3 39. h6 Qe2 40. Qxe2
Rxe2 41. Nc4 1-0

[Event "Deutsche Meisterschaft 2013"]
[Site "Saarbrücken"]
[Date "2013.09.08"]
[Round "3.5"]
[White "Braun, Christian"]
[Black "Stern, Rene"]
[Result "1/2-1/2"]
[WhiteElo "2362"]
[BlackElo "2509"]
[PlyCount "85"]
[EventDate "2013.09.05"]

1. e4 e5 2. Nf3 Nc6 3. Bb5 a6 4. Ba4 Nf6 5. O-O Be7 6. Bxc6 dxc6 7. d3 Nd7 8.
Nbd2 f6 9. b3 c5 10. Bb2 Nb8 11. Nh4 g6 12. f4 exf4 13. Rxf4 O-O 14. Qf3 Nc6
15. Qg3 Nd4 16. Re1 Kg7 17. Ndf3 a5 18. Nxd4 cxd4 19. e5 c5 20. e6 Qe8 21. Bc1
Ra6 22. Rfe4 f5 23. R4e2 Bd6 24. Qh3 f4 25. Re4 Rf6 26. Qg4 Bb8 27. Qg5 Raxe6
28. Qxc5 Qd8 29. Bb2 Rxe4 30. Rxe4 Rc6 31. Qxd4+ Qxd4+ 32. Bxd4+ Kh6 33. c3 g5
34. Nf3 Bf5 35. Re8 Bc7 36. Ne5 Bxe5 37. Rxe5 Bxd3 38. Rxa5 b5 39. h3 Re6 40.
Bf2 Re2 41. Ra6+ Kh5 42. Rd6 Bg6 43. a4 1/2-1/2

[Event "Deutsche Meisterschaft 2013"]
[Site "Saarbrücken"]
[Date "2013.09.08"]
[Round "3.6"]
[White "Bischoff, Klaus"]
[Black "Krassowizkij, Jaroslaw"]
[Result "1-0"]
[WhiteElo "2500"]
[BlackElo "2381"]
[PlyCount "77"]
[EventDate "2013.09.05"]

1. Nf3 Nf6 2. c4 e6 3. d4 d5 4. Nc3 c6 5. e3 Nbd7 6. Qc2 b6 7. cxd5 exd5 8. Bd2
Bb7 9. Bd3 Be7 10. O-O O-O 11. Rfd1 Rc8 12. Be1 Bd6 13. Qe2 Rc7 14. Rac1 Re8
15. Bf5 g6 16. Bh3 Nh5 17. g3 f5 18. Bg2 Ndf6 19. Qc2 Qe7 20. Ne5 Ne4 21. f3
Nxc3 22. Bxc3 Nf6 23. Qb3 c5 24. a4 Nd7 25. f4 c4 26. Qa2 Nf6 27. b3 Ne4 28.
Bxe4 cxb3 29. Qxb3 fxe4 30. a5 Rec8 31. axb6 axb6 32. Bd2 Rxc1 33. Bxc1 Qc7 34.
Rf1 Bxe5 35. dxe5 Qc2 36. Qxb6 Qe2 37. Qxb7 Rc2 38. Qxd5+ Kf8 39. Ba3+ 1-0

[Event "Deutsche Meisterschaft 2013"]
[Site "Saarbrücken"]
[Date "2013.09.08"]
[Round "3.7"]
[White "Wagner, Dennis"]
[Black "Schöne, Ralf"]
[Result "1-0"]
[WhiteElo "2472"]
[BlackElo "2345"]
[PlyCount "73"]
[EventDate "2013.09.05"]

1. d4 Nf6 2. c4 d6 3. Nf3 g6 4. Nc3 Bg7 5. e4 O-O 6. Be2 e5 7. Be3 Ng4 8. Bg5
f6 9. Bh4 Nc6 10. d5 Ne7 11. Nd2 Nh6 12. f3 c5 13. dxc6 bxc6 14. b4 g5 15. Bf2
f5 16. O-O Kh8 17. Nb3 Nf7 18. Qc2 Qc7 19. b5 c5 20. exf5 Bxf5 21. Bd3 Nh6 22.
Be3 Bxd3 23. Qxd3 Nhf5 24. Bxg5 Ng6 25. Nd5 Qd7 26. Rae1 Rf7 27. a4 Rg8 28. Rf2
h6 29. Bc1 Bf6 30. Nxf6 Rxf6 31. Nxc5 Qg7 32. Ne4 Ngh4 33. Nxf6 Nxg2 34. Kf1
Qxf6 35. Rxg2 Rxg2 36. Kxg2 Qg6+ 37. Kf2 1-0

[Event "Deutsche Meisterschaft 2013"]
[Site "Saarbrücken"]
[Date "2013.09.08"]
[Round "3.8"]
[White "Donchenko, Alexander"]
[Black "Carow, Johannes"]
[Result "1-0"]
[WhiteElo "2467"]
[BlackElo "2375"]
[PlyCount "235"]
[EventDate "2013.09.05"]

1. d4 Nf6 2. c4 c5 3. d5 b5 4. cxb5 a6 5. bxa6 g6 6. Nc3 Bxa6 7. e4 Bxf1 8.
Kxf1 d6 9. Nf3 Bg7 10. g3 O-O 11. Kg2 Na6 12. Qe2 Qb6 13. Bf4 Nh5 14. Bg5 h6
15. Be3 Rfb8 16. Rab1 Nc7 17. Qd2 Qb4 18. a3 Qc4 19. Qc2 Nf6 20. h3 Nd7 21.
Rhc1 Nb6 22. Nd2 Qa6 23. b4 cxb4 24. Rxb4 Nd7 25. Ra4 Qb7 26. Nc4 Nb5 27. Rxa8
Rxa8 28. Rb1 Bxc3 29. Qxc3 Qa6 30. Qb2 Nxa3 31. Bxh6 Nf6 32. Nxa3 Qxa3 33. Qxa3
Rxa3 34. Rb4 Ra7 35. Be3 Ra8 36. f4 Kf8 37. Kf3 Nd7 38. g4 f6 39. h4 Kf7 40.
Rb7 Rd8 41. Bd4 Nf8 42. g5 fxg5 43. hxg5 Nh7 44. Bc3 Nf8 45. f5 Rd7 46. Rb4 Rc7
47. Bd4 Nd7 48. Kf4 Nf8 49. Rb8 Rc4 50. Ke3 Rc7 51. Rb2 Nh7 52. Kf4 Nf8 53. Rb3
Rc4 54. Ke3 Nh7 55. Kd3 Rc7 56. Be3 Nf8 57. Rb1 Nd7 58. Bd4 Nf8 59. Rh1 Rb7 60.
Ke3 Rb3+ 61. Kf4 Rb4 62. Ba1 Ra4 63. Bb2 Ra2 64. Bd4 Ra4 65. Be3 Ra3 66. Rc1
Ke8 67. Rc8+ Kf7 68. Rc7 gxf5 69. exf5 Ra4+ 70. Kf3 Ke8 71. Rc8+ Kf7 72. g6+
Nxg6 73. fxg6+ Kxg6 74. Rh8 Kf6 75. Rh6+ Ke5 76. Rh5+ Kf6 77. Rh6+ Ke5 78. Rh5+
Kf6 79. Bd2 Ra3+ 80. Kg4 Ra4+ 81. Bf4 e5 82. dxe6 Kxe6 83. Rh6+ Kd5 84. Rxd6+
Ke4 85. Rd8 Rb4 86. Re8+ Kd5 87. Kf5 Rb1 88. Rd8+ Kc5 89. Be3+ Kc4 90. Ke4 Rh1
91. Rc8+ Kb5 92. Bd4 Rh4+ 93. Kd5 Rh5+ 94. Be5 Kb4 95. Rb8+ Ka5 96. Rb1 Rg5 97.
Kd4 Ka6 98. Bd6 Rb5 99. Rh1 Kb6 100. Rh6 Rb1 101. Be5+ Ka5 102. Kc4 Rb4+ 103.
Kc3 Rb7 104. Bd4 Rc7+ 105. Kd3 Kb5 106. Rb6+ Ka5 107. Rb1 Rc8 108. Be5 Ka6 109.
Kd4 Rc6 110. Kd5 Rb6 111. Ra1+ Kb5 112. Bd4 Rb7 113. Bc5 Rd7+ 114. Bd6 Rh7 115.
Rb1+ Ka5 116. Kc6 Ka4 117. Rb4+ Ka5 118. Rb3 1-0